| 000 -LEADER | |
|---|---|
| fixed length control field | 00376nam a22001457a 4500 |
| 020 ## - INTERNATIONAL STANDARD BOOK NUMBER | |
| ISBN | 0199257124 |
| 050 ## - LIBRARY OF CONGRESS CALL NUMBER | |
| Classification number | KF 1250 |
| 100 ## - MAIN ENTRY--AUTHOR NAME | |
| Personal name | DEAKIN, Simon, JOHNSTON, Angus & MARKESINIS, Basil. |
| 245 ## - TITLE STATEMENT | |
| Title | Markesinis and Deakin's tort law |
| 250 ## - EDITION STATEMENT | |
| Edition statement | 5th edition |
| 260 ## - PUBLICATION, DISTRIBUTION, ETC. (IMPRINT) | |
| Place of publication | Oxford |
| Name of publisher | Clarendon press oxford |
| Year of publication | 2003 |
| 300 ## - PHYSICAL DESCRIPTION | |
| Number of Pages | 871p |
| 942 ## - ADDED ENTRY ELEMENTS (KOHA) | |
| Koha item type | Books |
| 988 ## - PAGINATION/EXTENT | |
| PAGINATION/EXTENT | xxiii,871p.;index |
| Koha item type | Collection code | Accession Number | Permanent Location | Current Location | Date acquired | Full call number |
|---|---|---|---|---|---|---|
| Books | Lending | 2698 | Chapman Library | Chapman Library | 2017-02-09 | KF 1250 dea |
| Books | Lending | 2699 | Chapman Library | Chapman Library | 2017-02-09 | KF 1250 dea |
| Books | Reference | 2700 | Chapman Library | Chapman Library | 2017-02-09 | KF 1250 dea |
| Books | Reference | 2701 | Chapman Library | Chapman Library | 2017-02-09 | KF 1250 dea |

